000 00501cam a2200205ua 4500
001 7931
008 150102n ii |||gr||||Z||||||hin
040 _cMAIN
041 _ahin
082 _a891.434
100 _aGoswami,
_eAuthor.
245 1 _aBisharad pariksha sahayika
_cBy Goswami
250 _a1st.
260 _aGuwahati:
_bAssam,
_c1972.
300 _a520p.
653 _aEast Indo-European & Celtic literatures
653 _aHindi literature
700 _aGoswami,
_eAuthor.
942 _cBK
999 _c7051
_d7051